Get the Picture: Four Countries II Quiz Stats

 Plays Quiz Updated Nov 29, 2019

Score 0/16 Timer 02:30
23 Plays Today
Question Answer Wrong Answers
Capital city anagram of RIBLEN Germany
92.2%
France
1.1%
Austria
1.9%
Spain
0.9%
Capital city anagram of DIDRAM Spain
91.5%
Germany
1.6%
France
1.1%
Austria
1.9%
Capital city anagram of SPAIR France
91.2%
Germany
0.9%
Austria
0.9%
Spain
3.1%
Capital city anagram of ENIVAN Austria
90%
Germany
1.5%
France
2.2%
Spain
2.2%
Top 20 most populous cities include Essen, Bremen and Leipzig Germany
87.9%
France
1.5%
Austria
6.2%
Spain
0.7%
Top 20 most populous cities include Zaragoza, Vigo and Málaga Spain
86.8%
Germany
1.8%
France
2.2%
Austria
5.3%
Famous people born here include André the Giant, Brigitte Bardot and Emma Watson France
86.6%
Germany
3.4%
Austria
4.2%
Spain
2%
Famous people born here include Enrique Iglesias, Gerard Piqué and Salvador Dalí Spain
86.2%
Germany
1.6%
France
7.6%
Austria
0.8%
Famous people born here include Sebastian Vettel, Karl Lagerfeld and Heidi Klum Germany
85.3%
France
2%
Austria
7.4%
Spain
1.3%
Mountains include Puy de Sancy, Grand Ballon and Monte Cinto France
74.3%
Germany
1.3%
Austria
4%
Spain
16.3%
Top 20 most populous cities include Strasbourg, Reims and Angers France
70.8%
Germany
11.4%
Austria
12.9%
Spain
1%
Top 20 most populous cities include Klagenfurt, Graz and Villach Austria
70.1%
Germany
22.1%
France
1.8%
Spain
1.8%
Famous people born here include Christoph Waltz, Marie Antoinette and Wolfgang Amadeus Mozart Austria
68.6%
Germany
15.9%
France
10.5%
Spain
0.9%
Mountains include Zugspitze, Watzmann and Nebelhorn Germany
68%
France
1.9%
Austria
24.6%
Spain
1.2%
Mountains include Wildspitze, Grossglockner and Hoher Dachstein Austria
53.1%
Germany
40.2%
France
1.5%
Spain
1.3%
Mountains include Teide, Aneto and Montserrat Spain
52%
Germany
2.4%
France
35.4%
Austria
6.4%

Today's Daily Dose

You're not logged in!

Compare scores with friends on all Sporcle quizzes.
OR
Log In

Sporcle TV

Today on Sporcle TV


Watch our educational content, quiz creation guides, and fun videos on Sporcle TV.

Show Comments

Extras

Top Quizzes Today


Score Distribution

Your Account Isn't Verified!

In order to create a playlist on Sporcle, you need to verify the email address you used during registration. Go to your Sporcle Settings to finish the process.

Report this User

Report this user for behavior that violates our Community Guidelines.

Details: